000 00348nam a2200133Ia 4500
008 210210b1990 xxu||||| |||| 00| 0 eng d
082 _a824 MITW
100 _aMITTAL (Naimisharan).
245 _aWorld famous romances of great people.
260 _aN D
_bFamily Books Pvt Ltd.,
_c1990
300 _a128
690 _aEnglish Prose
906 _a045462
999 _c94925
_d94925